| 000 | 00395 a2200145 4500 | ||
|---|---|---|---|
| 005 | 20250628143255.0 | ||
| 020 | _a0-324-02639-0 | ||
| 082 | _a657.02 HA | ||
| 100 | _aHALL, J.A. | ||
| 245 | _aAccounting INformation Systems | ||
| 250 | _a3rd Ed. | ||
| 260 |
_aAustralia _bSouth-Western College Publishing _c2000 |
||
| 300 |
_axxvi; 899Pages; Glossary; Index _bIllustration _c24cm |
||
| 942 |
_2ddc _cBKS |
||
| 999 |
_c6058 _d6058 |
||